000 00621nam a2200181Ia 4500
008 100921s9999 xx 000 0 und d
082 _b31063
_a891.463 थ 99
100 _aगुजर अनिल.
245 _aविषाची चव.
260 _bस्वप्न प्रकाशन, पुणे.
_c1999
300 _a364
_bशांती पब्लिकेशन,पुणे
365 _b230
520 _aललित-कादंबरी.
630 _aविषाची चव.
650 _aललित-कादंबरी.
730 _aविषाची चव.
942 _cBOOK
999 _c780176
_d780173